Statistics for Amino acids 1 letter code

Click here to take the quiz!

General Stats

  • This quiz has been taken 28 times
  • The average score is 16 of 20

Answer Stats

HintAnswer% Correct
AAlanine Ala
100%
CCysteine Cys
100%
HHistidine His
100%
IIsoleucine Ile
93%
MMethionine Met
93%
SSerine Ser
93%
TThreonine Thr
93%
VValine Val
93%
PProline Pro
87%
FPhenylalanine Phe
80%
WTryptophan Trp
80%
NAsparagine Asn
73%
LLeucine Leu
73%
RArginine Arg
67%
YTyrosine Tyr
67%
DAsparate Asp
60%
EGlutamate Glu
60%
QGlutamine Gln
60%
KLysine Lys
60%
GGlycine Gly
53%

Score Distribution

Percentile by Number Answered

Percent of People with Each Score

Your Score History

You have not taken this quiz